000 00609nam a2200217Ia 4500
005 20230321105651.0
008 131103s9999 xx 000 0 und d
040 _aLoreto College
041 _aEnglish
082 _a822.8
_bWIL-PEA
245 _aOscar Wilde's plays,prose writings and poems
_cintroduction by Hesketh Pearson
260 _aLondon
_bJ.M.Dent
_c1955
300 _axix,428 p.
440 _aEveryman's Library; No. 858
504 _aIncludes bibliographical references
650 _aWildes
651 _aOscar,1854 - 1900
700 _aPearson,Hesketh
850 _aLCLIB
942 _cBK
999 _c4269
_d54748